Selections in economics (Registro nro. 3521)

Detalles MARC
000 -LEADER
campo de control de longitud fija 00681nam a2200217Ia 4500
008 - DATOS DE LONGITUD FIJA--INFORMACIÓN GENERAL
campo de control de longitud fija 220107t1958||||xx |||||||||||||| ||und||
040 ## - FUENTE DE CATALOGACIÓN
Centro catalogador/agencia de origen BoOrUTOFe
Lengua de catalogación Es
Centro/agencia transcriptor UTO
044 ## - CÓDIGO DEL PAÍS DE LA ENTIDAD EDITORA/PRODUCTORA
Código MARC del país US
082 ## - NÚMERO DE LA CLASIFICACIÓN DECIMAL DEWEY
Número de clasificación eco 330.1
Número de ítem E68
100 ## - ENTRADA PRINCIPAL--NOMBRE DE PERSONA
Nombre de persona Epstein C, Ralph
245 #0 - MENCIÓN DEL TÍTULO
Título Selections in economics
246 ## - FORMA VARIANTE DEL TITULO
Título propio/Titulo breve Selections in economics
250 ## - MENCION DE EDICION
Mención de edición 2
260 ## - PUBLICACIÓN, DISTRIBUCIÓN, ETC.
Lugar de publicación, distribución, etc. New York:
Nombre del editor, distribuidor, etc. Advisory Board,
Fecha de publicación, distribución, etc. 1958
300 ## - DESCRIPCIÓN FÍSICA
Extensión 216p.
Otras características físicas graf.
Dimensiones 23cm
505 ## - NOTA DE CONTENIDO CON FORMATO
Nota de contenido con formato Value and Price, distribution of income, labor in the economic, international trade, economic development and foreing aid
650 ## - PUNTO DE ACCESO ADICIONAL DE MATERIA--TÉRMINO DE MATERIA
Término de materia o nombre geográfico como elemento de entrada Selections in economics
655 ## - TERMINO DE INDIZACIÓN--GENERO/FORMA
Datos o término principal de género/forma Libros de Texto
700 ## - ENTRADA AGREGADA--NOMBRE PERSONAL
Nombre de persona Arthur D, Butler
942 ## - ELEMENTOS DE ENTRADA SECUNDARIOS (KOHA)
Tipo de ítem Koha Libros
-- FCEFA16
999 ## - NÚMEROS DE CONTROL DE SISTEMA (KOHA)
-- 1
Existencias
Estatus retirado Estado de pérdida Fuente del sistema de clasificación o colocación Estado de daño No para préstamo Biblioteca de origen Biblioteca actual Ubicación en estantería Fecha de adquisición Número de inventario Total de préstamos Signatura topográfica completa Código de barras Visto por última vez Fecha del último préstamo Copia número Precio de reemplazo Tipo de ítem Koha
No dañado Disponible Clasificación Decimal Dewey No Dañado Disponible Biblioteca Central Biblioteca Central Fondo General 08/01/2022 1093 1 eco 330.1/E68 1093 16/02/2024 22/11/2023 Ej. 1 08/01/2022 Libros

Biblioteca Central
Dirección: Calle Cochabamba entre 6 de Octubre y Potosí s/n
Teléfono: (591-2)5281707 - 2-52-38450
Contacto: biblioteca.central@gmail.com